Gently falls the Bakula / (Record no. 157630)

MARC details
000 -LEADER
fixed length control field 00759nam a22002177a 4500
005 - DATE AND TIME OF LATEST TRANSACTION
control field 20190917104336.0
010 ## - LCCN (DPL NO)
LC control number B-706485 B-730003
020 ## - INTERNATIONAL STANDARD BOOK NUMBER
International Standard Book Number 9780143103776
Terms of availability 250.00
035 ## - SYSTEM CONTROL NUMBER
System control number B-706485
035 ## - SYSTEM CONTROL NUMBER
System control number B-730003
037 ## - SOURCE OF ACQUISITION
Source of stock number/acquisition Gift
082 ## - DEWEY DECIMAL CLASSIFICATION NUMBER
Classification number S
100 ## - MAIN ENTRY--PERSONAL NAME
Personal name Murty, Sudha
245 ## - TITLE STATEMENT
Title Gently falls the Bakula /
Statement of responsibility, etc by Sudha Murty
260 ## - PUBLICATION, DISTRIBUTION, ETC. (IMPRINT)
Place of publication, distribution, etc New Delhi
Name of publisher, distributor, etc Penguin Books
Date of publication, distribution, etc 2008
270 ## - ADDRESS
Address 11 Community Centre, Panchsheel Park
City New Delhi
Postal code 110017
300 ## - PHYSICAL DESCRIPTION
Extent 169p.
Dimensions 20cm.(pbk)
942 ## - ADDED ENTRY ELEMENTS (KOHA)
Institution code [OBSOLETE] dpl
Item type Children Books
Source of classification or shelving scheme Dewey Decimal Classification
Classification part S
Call number suffix MUR
Holdings
Withdrawn status Lost status Not for loan Collection code Home library Current library Date acquired Source of acquisition Cost, normal purchase price Full call number Barcode Copy number Cost, replacement price Koha item type
      Fiction Central Library Central Library 22/09/2018 Gift /Eng /14.09.2018 250.00 S MUR B-706485 1 250.00 Children Books
      Fiction Sarojini Nagar Sarojini Nagar 17/09/2019 Gift /Eng /13.09.2019 250.00 S MUR B-730003 1 250.00 Children Books

© Delhi Public Library
Hit Counter
free hit counter